[Event "Parla 25 Jubilee op"]
[Site "Parla"]
[Date "2008.09.08"]
[Round "3"]
[White "Martin Rodriguez, Emilio"]
[Black "Tsebrovskyy, Roman"]
[Result "1-0"]
[WhiteElo "2123"]
[BlackElo "1863"]
[PlyCount "149"]
[EventDate "2008.09.06"]
[EventType "swiss"]
[EventRounds "9"]
[EventCountry "ESP"]
[SourceTitle "CBM 126 Extra"]
[Source "ChessBase"]
[SourceDate "2008.11.05"]
[SourceVersion "1"]
[SourceVersionDate "2008.11.05"]
[SourceQuality "1"]

1. d4 d5 2. c4 dxc4 3. Nf3 e6 4. e3 Nf6 5. Bxc4 c5 6. 0-0 a6 7. Qe2 b5 8. Bb3 c4 9. Bc2 Nbd7 10. e4 Be7 11. Nc3 Bb7 12. e5 Nd5 13. Ne4 Rc8 14. Nfg5 Nb4 15. Qf3 0-0 16. Bb1 Nd3 17. Bxd3 cxd3 18. Qxd3 Bxe4 19. Nxe4 Nxe5 20. Qd1 Nc4 21. a4 b4 22. Re1 Qd5 23. Qd3 Rfd8 24. Rd1 a5 25. b3 Nd6 26. f3 f5 27. Ng3 Rc3 28. Qa6 Rxb3 29. Bf4 Bf6 30. Ne2 Rb2 31. Bc1 Rc2 32. Nf4 Bxd4+ 33. Kh1 Qe5 34. Qd3 Bxa1 35. Qxc2 Bc3 36. g3 Nf7 37. Kg2 Rxd1 38. Qxd1 Qd6 39. Qb3 Nd8 40. Ne2 Qd5 41. Qc2 Qc4 42. Bb2 Nc6 43. Nxc3 bxc3 44. Qxc3 Qxc3 45. Bxc3 e5 46. Kf2 Kf7 47. Ke3 g6 48. f4 e4 49. Be1 Ke6 50. Kd2 h6 51. Kc3 Kd5 52. Bf2 Nb4 53. Bb6 Nc6 54. h3 h5 55. h4 Kd6 56. Kc4 Kd7 57. Kd5 Nb4+ 58. Ke5 Nc6+ 59. Kf6 Kd6 60. Kxg6 Kd5 61. Kxf5 Nd4+ 62. Kg6 e3 63. Bxa5 Nc6 64. Be1 Ke4 65. a5 Kf3 66. a6 Ke2 67. Bc3 Kd3 68. Be1 Ke2 69. Ba5 Kf3 70. Bc3 Kxg3 71. f5 e2 72. f6 Kg4 73. Be1 Kf4 74. f7 Ne5+ 75. Kg7 1-0